LEADER 01309nam a2200241 i 4500 001 000000236671 003 CaOOAMICUS 005 20141209000000.0 008 141209s1840 it u000 u lat u 013 $a215576 040 $aSeMil$bita 100 1 $aNodari, Antonio,$d<1790-1840>.$0(OLS)http://semarc/name/80797 245 10$aVitae pontificum romanorum Pii 6., Pii 7., Leonis 12., Pii 8., addito commentariolo de Gregorio 16. feliciter regnante e variis monumentis collectae :$bopera et studio /$cAntonii Nodari. 260 $aPatavii :$bTypis Seminarii,$c1840. 300 $a170 p. ;$c24 cm. 600 04$aLeone XII .$0(OLS)http://semarc/subject/4919 600 04$aPio VI .$0(OLS)http://semarc/subject/2702 600 04$aPio VII .$0(OLS)http://semarc/subject/4922 600 04$aPio VIII .$0(OLS)http://semarc/subject/4918 850 $aSeMil 852 $aSeMil$W1$xVenegono$y1$m3B IV 64 FA$j187017$B187017$CSeMilBibl$Z2$F197797 $8I 996 $6245$aVitae pontificum romanorum Pii 6., Pii 7., Leonis 12., Pii 8., addito commentariolo de Gregorio 16. feliciter regnante e variis monumentis collectae :$bopera et studio$9(OLS)http://semarc/title/337283 996 $6260$aPatavii :$bTypis Seminarii$9(OLS)http://semarc/publisher/30007 LEADER 01534nam a2200313 i 4500 001 000000126391 003 CaOOAMICUS 005 20211201150045.0 008 051228s1999 it u000 u ita u 013 $a99097 020 $a88-04-42852-X 040 $aSeMil$bita 100 1 $aBernabei, Ettore <1921-2016>.$0(OLS)http://semarc/name/52519 245 12$aL'uomo di fiducia :$bi retroscena del potere raccontati da un testimone rimasto dietro le quinte per cinquant'anni /$cEttore Bernabei con Giorgio Dell'Arti. 264 1$aMilano :$bMondadori,$c1999. 300 $a316 p. ;$c23 cm. 490 0 $aFrecce 541 $aFondo Card. Carlo Maria Martini (3M III 67) 650 4$aBernabei, Ettore <1921-2016> - Interviste.$0(OLS)http://semarc/subject/24682 700 1 $aDell'Arti, Giorgio.$0(OLS)http://semarc/name/52520 830 0$aFrecce.$0(OLS)http://semarc/title/6388 850 $aSeMil 852 $aSeMil$W1$xVenegono$y1$m3M III 67$j80764$B80764$CSeMilBibl$Z2$F82999 $81 941 1 $a4 961 $aFondo Card. Carlo Maria Martini. -- Con dedica autografa dell'autore (Ettore Bernabei) al card. Carlo Maria Martini (1999). -- Timbro del card. Carlo Maria Martini 996 $6020$a88-04-42852-X$9(OLS)http://semarc/number/112541 996 $6245$aL'uomo di fiducia :$bi retroscena del potere raccontati da un testimone rimasto dietro le quinte per cinquant'anni$9(OLS)http://semarc/title/186327 996 $6264$aMilano :$bMondadori$9(OLS)http://semarc/publisher/30335